00642nam a22002057a 450000500170000001000150001702000270003203500140005903700130007308200130008610000190009924500700011826000540018827000560024230000620029870000190036070000180037970000170039770000220041420230320123759.0 aENG-134073 a9788185984759c1500.00 aEN-117605 bDBAD/PUB a658.4013 aPetersson, Per aLEAN:bTurn Deviations Into Success!/cPer Petersson [et.all....] bProductivity & Quality Publishing Pvt. Ltd.c2010 k00914424344519l00914424342009mservice@kkbooks.com a219p.c25cm(Hbk)bAppendix, Biblography, Glossary & Index aJohansson, Ola aBroma, Martin aBlucher, Dan aAlsterman, Henric